[Event "Memorial Gashimov 2022 - Rapid"]
[Site "Baku"]
[Date "18.12.2022"]
[Round "R1"]
[White "Gadimbayli, Abdulla"]
[Black "Mamedov, Rauf"]
[Result "0-1"]
[WhiteElo "2524"]
[BlackElo "2646"]
[PlyCount "88"]
[EventDate "2022.??.??"]

1. e4 c5 2. Nf3 Nc6 3. Bb5 e5 4. O-O Bd6 5. c3 Nge7 6. d4 cxd4 7. cxd4 exd4 8.
Nxd4 Qc7 9. h3 a6 10. Be2 O-O 11. Nc3 Nxd4 12. Qxd4 Bc5 13. Qd3 d6 14. Bg5 Be6
15. Rac1 Ng6 16. a3 h6 17. Bd2 Qe7 18. Kh1 f5 19. Qg3 Kh7 20. exf5 Bxf5 21.
Rce1 Qh4 22. Qxh4 Nxh4 23. g3 Ng6 24. Kg2 Ne5 25. Bf4 Rae8 26. Bh5 g6 27. Bxe5
dxe5 28. Bg4 Bc2 29. Bf3 Bd4 30. Be4 Bb3 31. f3 b5 32. Rc1 Rd8 33. h4 Be3 34.
Rce1 Rd2+ 35. Kh1 Bc4 36. Rxe3 Bxf1 37. h5 Kg7 38. hxg6 Rxb2 39. Nd5 Bc4 40.
Ne7 Rd8 41. Re1 Rdd2 42. f4 exf4 43. gxf4 Kf6 44. Nc6 Re2 0-1

[Event "Memorial Gashimov 2022 - Rapid"]
[Site "Baku"]
[Date "18.12.2022"]
[Round "R1"]
[White "Abdusattorov, Nodirbek"]
[Black "Vallejo Pons, Francisco"]
[Result "1-0"]
[WhiteElo "2713"]
[BlackElo "2716"]
[PlyCount "106"]
[EventDate "2022.??.??"]

1. c4 e6 2. Nc3 d5 3. d4 a6 4. cxd5 exd5 5. Nf3 h6 6. Bf4 Nf6 7. e3 Bd6 8. Be5
c6 9. Qc2 O-O 10. Bd3 Re8 11. O-O Bxe5 12. Nxe5 c5 13. a4 cxd4 14. exd4 Qb6 15.
Nxf7 Nc6 16. a5 Qc7 17. Bg6 Be6 18. Nxh6+ gxh6 19. Bxe8 Rxe8 20. Rfe1 Nxd4 21.
Qd3 Ng4 22. Qxd4 Qxh2+ 23. Kf1 Rf8 24. Rxe6 Rxf2+ 25. Qxf2 Nxf2 26. Rae1 Ne4
27. Nxe4 dxe4 28. R1xe4 Qh1+ 29. Kf2 Qc1 30. b4 Kf7 31. Rb6 Qd2+ 32. Kf3 Qd3+
33. Kf4 Qd5 34. g4 Qd2+ 35. Kf3 Qd3+ 36. Re3 Qf1+ 37. Kg3 Qg1+ 38. Kf4 Qg2 39.
Rf3 Kg8 40. Rd3 Qf1+ 41. Rf3 Qd1 42. Re3 Qd4+ 43. Re4 Qd5 44. Rbe6 Kf7 45. R6e5
Qd2+ 46. Kg3 Qc1 47. Re7+ Kf8 48. R7e5 Qg1+ 49. Kf3 Qf1+ 50. Ke3 Qe1+ 51. Kd3
Qb1+ 52. Kc4 Qc2+ 53. Kd4 Qc6 1-0

[Event "Memorial Gashimov 2022 - Rapid"]
[Site "Baku"]
[Date "18.12.2022"]
[Round "R1"]
[White "Wang, Hao"]
[Black "Mamedyarov, Shakhriyar"]
[Result "1/2-1/2"]
[WhiteElo "2722"]
[BlackElo "2740"]
[PlyCount "46"]
[EventDate "2022.??.??"]

1. e4 e5 2. Nf3 Nc6 3. Bb5 a6 4. Ba4 Nf6 5. O-O Nxe4 6. d4 b5 7. Bb3 d5 8. dxe5
Be6 9. Nbd2 Nc5 10. c3 d4 11. Bxe6 Nxe6 12. cxd4 Ncxd4 13. a4 Rb8 14. axb5 axb5
15. Nb3 Nxb3 16. Qxb3 Bc5 17. Be3 Bxe3 18. Qxe3 O-O 19. Rfd1 Qe7 20. Nd4 Nxd4
21. Rxd4 Rfd8 22. Rad1 h6 23. f4 Rxd4 1/2-1/2

[Event "Memorial Gashimov 2022 - Rapid"]
[Site "Baku"]
[Date "18.12.2022"]
[Round "R1"]
[White "Shankland, Sam"]
[Black "Suleymanli, Aydin"]
[Result "1-0"]
[WhiteElo "2710"]
[BlackElo "2543"]
[PlyCount "55"]
[EventDate "2022.??.??"]

1. d4 Nf6 2. c4 e6 3. Nc3 Bb4 4. Qc2 d5 5. a3 Bxc3+ 6. Qxc3 O-O 7. Nf3 dxc4 8.
Qxc4 b6 9. Bg5 Ba6 10. Qc1 Bb7 11. h4 Nbd7 12. Ne5 c5 13. Nxd7 Qxd7 14. Bxf6
gxf6 15. dxc5 Rfc8 16. Qh6 Qd4 17. Rh3 f5 18. Rc3 Bd5 19. Rd1 Qe5 20. Rd2 f4
21. e3 f3 22. Bd3 f5 23. gxf3 Bxf3 24. Bc4 Bd5 25. Bxd5 exd5 26. Qd6 Qxd6 27.
cxd6 Rxc3 28. bxc3 1-0

[Event "Memorial Gashimov 2022 - Rapid"]
[Site "Baku"]
[Date "18.12.2022"]
[Round "R2"]
[White "Vallejo Pons, Francisco"]
[Black "Rapport, Richard"]
[Result "1-0"]
[WhiteElo "2716"]
[BlackElo "2740"]
[PlyCount "137"]
[EventDate "2022.??.??"]

1. e4 e6 2. d4 d5 3. Nc3 Bb4 4. e5 c5 5. a3 Bxc3+ 6. bxc3 Nc6 7. Qg4 g6 8. Qd1
Qa5 9. Bd2 c4 10. h4 h6 11. Nf3 Bd7 12. g3 O-O-O 13. Bg2 f5 14. exf6 Nxf6 15.
O-O Ne4 16. Qc1 g5 17. Re1 g4 18. Nh2 h5 19. Bxe4 dxe4 20. Nf1 e5 21. Qb2 Rhf8
22. Be3 Be6 23. Red1 exd4 24. Bxd4 b6 25. a4 Kb7 26. Ne3 Rd7 27. Qb5 Rfd8 28.
Rdb1 Qxb5 29. Rxb5 Rh7 30. Rd1 Ka6 31. Rg5 Bf7 32. Kf1 Rd6 33. Ke1 Na5 34. Bg7
Rg6 35. Bf8 Be8 36. Rd8 Re6 37. Bb4 Nb7 38. Rdd5 Rc6 39. Rde5 Rc8 40. a5 bxa5
41. Bxa5 Nxa5 42. Rxa5+ Kb7 43. Rae5 Rhc7 44. Rxe4 Bf7 45. Ree5 a6 46. Nf5 Rd8
47. Nd4 Re8 48. Kd2 Rxe5 49. Rxe5 Kb6 50. Kc1 Rc5 51. Re7 Rc7 52. Re4 a5 53.
Rf4 Be8 54. Rf6+ Ka7 55. Re6 Rc8 56. Kb2 Kb7 57. Nf5 Bd7 58. Re7 Kc6 59. Rf7
Rb8+ 60. Ka3 Bxf5 61. Rxf5 Rb5 62. Rf6+ Kd5 63. f3 Ke5 64. Rf4 gxf3 65. Rxf3
Rb1 66. Rf4 Ra1+ 67. Kb2 Rg1 68. Rxc4 Rxg3 69. Rc5+ 1-0

[Event "Memorial Gashimov 2022 - Rapid"]
[Site "Baku"]
[Date "18.12.2022"]
[Round "R2"]
[White "Mamedyarov, Shakhriyar"]
[Black "Shankland, Sam"]
[Result "1/2-1/2"]
[WhiteElo "2740"]
[BlackElo "2710"]
[PlyCount "62"]
[EventDate "2022.??.??"]

1. d4 d5 2. c4 e6 3. Nf3 Nf6 4. Nc3 c5 5. cxd5 Nxd5 6. e4 Nxc3 7. bxc3 cxd4 8.
cxd4 Bb4+ 9. Bd2 Bxd2+ 10. Qxd2 O-O 11. Bc4 Nd7 12. O-O b6 13. Rad1 Bb7 14.
Rfe1 Rc8 15. Bb3 h6 16. Re3 Nf6 17. Qe1 Re8 18. Ne5 Qc7 19. f4 Re7 20. h3 b5
21. Kh2 a5 22. d5 exd5 23. exd5 Rd8 24. d6 Rxd6 25. Rxd6 Qxd6 26. Qxa5 Qd4 27.
Rg3 Nh5 28. Rg4 Nf6 29. Rg3 Nh5 30. Rg4 Nf6 31. Rg3 Nh5 1/2-1/2

[Event "Memorial Gashimov 2022 - Rapid"]
[Site "Baku"]
[Date "18.12.2022"]
[Round "R2"]
[White "Suleymanli, Aydin"]
[Black "Abdusattorov, Nodirbek"]
[Result "0-1"]
[WhiteElo "2543"]
[BlackElo "2713"]
[PlyCount "128"]
[EventDate "2022.??.??"]

1. d4 Nf6 2. c4 e6 3. Nc3 Bb4 4. e3 O-O 5. Bd3 d5 6. a3 Bxc3+ 7. bxc3 c5 8. Ne2
b6 9. O-O Ba6 10. cxd5 exd5 11. f3 Bxd3 12. Qxd3 Re8 13. Ra2 Nc6 14. Ng3 h5 15.
Re2 Qd7 16. Bb2 Rad8 17. Rd1 h4 18. Nh1 Na5 19. e4 Nh5 20. Bc1 Nb3 21. Bg5 f6
22. Be3 dxe4 23. Qc2 Qb5 24. fxe4 cxd4 25. cxd4 Rc8 26. Qb2 Qa4 27. Nf2 Na5 28.
Qa2+ Qc4 29. a4 Qxa2 30. Rxa2 Nc4 31. Bc1 Kf7 32. Re2 g5 33. Ng4 Kg6 34. Rf1
Rcd8 35. Ref2 Rxe4 36. Nxf6 Rexd4 37. Nxh5 Kxh5 38. Rf6 Nd2 39. Re1 Ne4 40. Rf5
Rxa4 41. Re5 Rc8 42. Be3 Rc2 43. Re7 Rca2 44. Kf1 Ra1 45. Rc7 Rxe1+ 46. Kxe1
Kg6 47. Ke2 Nf6 48. Rc6 Kf5 49. Rc2 Nd5 50. Bd2 Nf4+ 51. Kf2 Ke4 52. g3 hxg3+
53. hxg3 Ne6 54. Rb2 g4 55. Rb3 Nc5 56. Re3+ Kd5 57. Be1 Re4 58. Ra3 a5 59.
Bxa5 bxa5 60. Rxa5 Kd4 61. Ra2 Nd3+ 62. Kg2 Ke3 63. Ra7 Ne1+ 64. Kf1 Kf3 0-1

[Event "Memorial Gashimov 2022 - Rapid"]
[Site "Baku"]
[Date "18.12.2022"]
[Round "R2"]
[White "Gadimbayli, Abdulla"]
[Black "Wang, Hao"]
[Result "0-1"]
[WhiteElo "2524"]
[BlackElo "2722"]
[PlyCount "156"]
[EventDate "2022.??.??"]

1. e4 c5 2. Nf3 d6 3. d4 cxd4 4. Nxd4 Nf6 5. Nc3 a6 6. Bg5 e6 7. f4 Be7 8. Qf3
Qc7 9. O-O-O Bd7 10. Bd3 Nc6 11. Nxc6 Bxc6 12. Rhe1 h6 13. Bxf6 Bxf6 14. Nd5
Qa5 15. Nxf6+ gxf6 16. Kb1 O-O-O 17. Qf2 d5 18. exd5 Bxd5 19. a3 f5 20. Re2 Bc6
21. Red2 Qc7 22. Qh4 Rd4 23. g3 Qd8 24. Qxd8+ Rdxd8 25. Be2 Rxd2 26. Rxd2 h5
27. h4 Kc7 28. Kc1 f6 29. Rd1 e5 30. Rf1 Be4 31. Kd2 Rg8 32. fxe5 fxe5 33. Bd3
Bxd3 34. cxd3 Rf8 35. Ke3 Kd6 36. d4 e4 37. Rc1 Rg8 38. Kf2 b6 39. a4 a5 40.
Rc3 Kd5 41. Rb3 Kxd4 42. Rxb6 Rc8 43. Rd6+ Ke5 44. Ra6 Rc5 45. Ke3 Rd5 46. Ke2
f4 47. gxf4+ Kxf4 48. b3 Rc5 49. Rf6+ Ke5 50. Rb6 Kd4 51. Rd6+ Rd5 52. Rc6 Ke5
53. Rb6 Rc5 54. b4 axb4 55. Rxb4 Kf4 56. Rb2 Rc3 57. Rb5 Rc2+ 58. Kd1 Ra2 59.
Rxh5 Rxa4 60. Rh8 Ra1+ 61. Ke2 Ra2+ 62. Kd1 Kf3 63. h5 Ra1+ 64. Kc2 e3 65. Rf8+
Ke2 66. h6 Ra7 67. Rf6 Rc7+ 68. Kb3 Ke1 69. Kb2 e2 70. Kb3 Kd2 71. Rd6+ Ke3 72.
Re6+ Kd2 73. Rd6+ Ke1 74. Re6 Rf7 75. h7 Rxh7 76. Rf6 Rc7 77. Kb2 Rh7 78. Kc2
Rh1 0-1

[Event "Memorial Gashimov 2022 - Rapid"]
[Site "Baku"]
[Date "18.12.2022"]
[Round "R3"]
[White "Rapport, Richard"]
[Black "Suleymanli, Aydin"]
[Result "1-0"]
[WhiteElo "2740"]
[BlackElo "2543"]
[PlyCount "89"]
[EventDate "2022.??.??"]

1. e4 e5 2. Nf3 Nc6 3. Bc4 Nf6 4. d3 Bc5 5. c3 d6 6. h3 O-O 7. Bg5 a5 8. Nbd2
Be6 9. Bb5 h6 10. Bh4 g5 11. Nxg5 hxg5 12. Bxg5 Kg7 13. Qf3 Rh8 14. O-O-O Kg6
15. h4 d5 16. d4 Be7 17. dxe5 Nxe5 18. Qg3 Neg4 19. exd5 Bf5 20. f3 Nh5 21. Qe1
Bxg5 22. hxg5 Qxg5 23. fxg4 Bxg4 24. Qe4+ Kg7 25. Qd4+ Nf6 26. Rxh8 Rxh8 27.
Rf1 Rh6 28. Bc4 Rh4 29. g3 Rh6 30. Kc2 Bh3 31. Rf3 Bf5+ 32. Kb3 c5 33. dxc6
bxc6 34. Ka3 Bg6 35. Nb3 Rh8 36. Nc5 Rd8 37. Ne6+ fxe6 38. Qxd8 Qc5+ 39. b4
axb4+ 40. cxb4 Qa7+ 41. Kb3 Ne4 42. g4 Bf7 43. Rh3 Bg8 44. Rd3 Qf2 45. Qd4+ 1-0

[Event "Memorial Gashimov 2022 - Rapid"]
[Site "Baku"]
[Date "18.12.2022"]
[Round "R3"]
[White "Shankland, Sam"]
[Black "Gadimbayli, Abdulla"]
[Result "1/2-1/2"]
[WhiteElo "2710"]
[BlackElo "2524"]
[PlyCount "97"]
[EventDate "2022.??.??"]

1. d4 Nf6 2. c4 e6 3. Nc3 Bb4 4. Qc2 O-O 5. a3 Bxc3+ 6. Qxc3 d5 7. Nf3 b6 8.
Bg5 dxc4 9. Qxc4 Ba6 10. Qc1 Nbd7 11. e4 Bxf1 12. Rxf1 Qc8 13. Qc6 Qa6 14. e5
Qa5+ 15. b4 Qd5 16. Rc1 Qxc6 17. Rxc6 Nd5 18. Ke2 b5 19. Bd2 N7b6 20. Ra1 Nc4
21. Ra6 Rfb8 22. a4 Nxd2 23. Kxd2 Nxb4 24. Ra5 bxa4 25. R5xa4 a6 26. Ne1 h6 27.
h4 Rb5 28. Nd3 Nxd3 29. Kxd3 Rd8 30. Ke4 c5 31. dxc5 Rxc5 32. Rxa6 Rc4+ 33. Ke3
Rxh4 34. Ra8 Rxa8 35. Rxa8+ Kh7 36. Ra7 Kg6 37. f4 h5 38. Re7 Rh1 39. g3 Ra1
40. Kf3 Ra2 41. Ke3 Ra6 42. Kf3 Rb6 43. Kg2 f6 44. exf6 gxf6 45. Kh3 Kf5 46.
Rh7 e5 47. fxe5 fxe5 48. Rxh5+ Ke4 49. g4 1/2-1/2

[Event "Memorial Gashimov 2022 - Rapid"]
[Site "Baku"]
[Date "18.12.2022"]
[Round "R3"]
[White "Abdusattorov, Nodirbek"]
[Black "Mamedyarov, Shakhriyar"]
[Result "1-0"]
[WhiteElo "2713"]
[BlackElo "2740"]
[PlyCount "87"]
[EventDate "2022.??.??"]

1. c4 Nf6 2. Nc3 e5 3. Nf3 Nc6 4. g3 d5 5. cxd5 Nxd5 6. Bg2 Bc5 7. O-O O-O 8.
d3 Nf6 9. Bd2 Re8 10. Rc1 Bf8 11. a3 h6 12. b4 Nd4 13. Nxd4 exd4 14. Ne4 c6 15.
Nc5 Nd5 16. Nb3 Qf6 17. Re1 Be6 18. Nc5 Re7 19. Nxe6 Rxe6 20. Bf3 Rae8 21. Qb3
Nb6 22. b5 c5 23. Bg4 Re5 24. Bf4 Rd5 25. a4 g5 26. Bc7 c4 27. dxc4 Rc5 28.
Bxb6 axb6 29. Bf3 Rc7 30. Bd5 Bc5 31. Qf3 Kg7 32. Qxf6+ Kxf6 33. Bf3 Kg6 34. g4
Ra8 35. Ra1 Kf6 36. Red1 Ke5 37. Rd3 Ra7 38. Bd5 Kf6 39. Rf3+ Kg7 40. Rf5 Re7
41. Ra2 Ra8 42. Bf3 Rd8 43. a5 d3 44. exd3 1-0

[Event "Memorial Gashimov 2022 - Rapid"]
[Site "Baku"]
[Date "18.12.2022"]
[Round "R3"]
[White "Wang, Hao"]
[Black "Mamedov, Rauf"]
[Result "1/2-1/2"]
[WhiteElo "2722"]
[BlackElo "2646"]
[PlyCount "151"]
[EventDate "2022.??.??"]

1. e4 c5 2. Nf3 Nc6 3. Bb5 g6 4. O-O Bg7 5. c3 Nf6 6. Re1 O-O 7. d4 d5 8. e5
Ne4 9. Be3 cxd4 10. cxd4 Qb6 11. Bxc6 Qxc6 12. Nfd2 Nxd2 13. Qxd2 Be6 14. Nc3
Rfc8 15. h4 h5 16. Bh6 Bh8 17. Bg5 Rc7 18. Rac1 Rac8 19. Ne2 Qa6 20. Nf4 Bg7
21. a3 Bf8 22. Rxc7 Rxc7 23. Rc1 Rc4 24. Rxc4 dxc4 25. d5 Bf5 26. Ne2 Bd3 27.
Nc3 Qb6 28. Be3 Qc7 29. Bd4 a6 30. Qg5 Qd7 31. d6 exd6 32. Nd5 Bg7 33. Nf6+
Bxf6 34. Qxf6 dxe5 35. Bxe5 Kf8 36. Bd6+ Kg8 37. Be5 Kf8 38. Bc3 Ke8 39. Qe5+
Qe6 40. Qb8+ Kd7 41. Qxb7+ Ke8 42. Qb8+ Kd7 43. f3 f6 44. Qf4 Qd6 45. Qh6 Qe6
46. Qf4 Qd6 47. Qe3 Qe6 48. Qh6 Kc6 49. a4 Qd6 50. a5 Kb5 51. Qe3 Qc5 52. Bd4
Qd6 53. Qe8+ Kxa5 54. Bc3+ Kb6 55. Qf7 Kc6 56. Bxf6 Qc5+ 57. Kh2 Qe3 58. Bc3
Qc5 59. Qe8+ Kb7 60. Kg3 Bf5 61. Be5 Qc8 62. Qf7+ Kb6 63. Kf4 Qd8 64. Kg3 Kb5
65. Qb7+ Qb6 66. Qe7 Qc5 67. Bd6 Qc6 68. Kf4 Ka4 69. Be5 Qd7 70. Qa3+ Kb5 71.
Qe3 Qd3 72. Qe1 Qb1 73. Qd2 Qd3 74. Qf2 Qc2 75. Qxc2 Bxc2 76. g4 1/2-1/2

[Event "Memorial Gashimov 2022 - Rapid"]
[Site "Baku"]
[Date "19.12.2022"]
[Round "R4"]
[White "Wang, Hao"]
[Black "Shankland, Sam"]
[Result "1-0"]
[WhiteElo "2722"]
[BlackElo "2710"]
[PlyCount "83"]
[EventDate "2022.??.??"]

1. d4 d5 2. c4 e6 3. Nf3 Nf6 4. Nc3 c5 5. cxd5 Nxd5 6. e4 Nxc3 7. bxc3 cxd4 8.
cxd4 Bb4+ 9. Bd2 Bxd2+ 10. Qxd2 O-O 11. Bc4 Nd7 12. O-O b6 13. Rad1 Bb7 14.
Rfe1 Rc8 15. Bb3 h6 16. h4 Re8 17. Qf4 Rc3 18. Ba4 Bc6 19. Bxc6 Rxc6 20. d5
exd5 21. exd5 Rxe1+ 22. Rxe1 Rf6 23. Qa4 Rd6 24. Ne5 Qe8 25. Qb4 Nxe5 26. Qxd6
Nf3+ 27. gxf3 Qxe1+ 28. Kg2 Qb1 29. Qc6 Qg6+ 30. Kh2 Qf6 31. d6 g6 32. Kg2 Kg7
33. a4 h5 34. Qc7 Qf4 35. Qe7 Qf6 36. Kg3 a6 37. Qc7 Qa1 38. Kg2 Qe5 39. Qxb6
Qf6 40. Qc7 Qe5 41. Qe7 Qf6 42. a5 1-0

[Event "Memorial Gashimov 2022 - Rapid"]
[Site "Baku"]
[Date "19.12.2022"]
[Round "R4"]
[White "Gadimbayli, Abdulla"]
[Black "Abdusattorov, Nodirbek"]
[Result "1/2-1/2"]
[WhiteElo "2524"]
[BlackElo "2713"]
[PlyCount "85"]
[EventDate "2022.??.??"]

1. e4 c5 2. Nf3 e6 3. d4 cxd4 4. Nxd4 Nf6 5. Nc3 Nc6 6. Nxc6 bxc6 7. e5 Nd5 8.
Ne4 Bb7 9. Be2 c5 10. O-O Qc7 11. Nd6+ Bxd6 12. exd6 Qc6 13. f3 c4 14. Qd4 O-O
15. Bxc4 Rfc8 16. b3 Qxd6 17. Bb2 Qb6 18. Bxd5 Bxd5 19. c4 Qxd4+ 20. Bxd4 Bb7
21. Rac1 a5 22. Rfd1 f6 23. Be3 d5 24. cxd5 Bxd5 25. Rxc8+ Rxc8 26. Rc1 Ra8 27.
Rc7 a4 28. Ra7 Rxa7 29. Bxa7 axb3 30. axb3 Bxb3 31. f4 h5 32. h4 Kf7 33. Kf2
Kg6 34. Bc5 Kf5 35. g3 Bd5 36. Bf8 Kg6 37. Bc5 Bc6 38. Bb4 Kf5 39. Bf8 g5 40.
hxg5 fxg5 41. fxg5 Kxg5 42. Bc5 e5 43. Be3+ 1/2-1/2

[Event "Memorial Gashimov 2022 - Rapid"]
[Site "Baku"]
[Date "19.12.2022"]
[Round "R4"]
[White "Mamedov, Rauf"]
[Black "Vallejo Pons, Francisco"]
[Result "1/2-1/2"]
[WhiteElo "2646"]
[BlackElo "2716"]
[PlyCount "111"]
[EventDate "2022.??.??"]

1. e4 e6 2. d4 d5 3. Nd2 dxe4 4. Nxe4 Nd7 5. Nf3 Ngf6 6. Nxf6+ Nxf6 7. Be3 a6
8. Ne5 b6 9. c3 Bb7 10. Qa4+ Nd7 11. O-O-O Bd6 12. f4 b5 13. Qc2 Bd5 14. Bd3
Nb6 15. f5 Nc4 16. Bxc4 bxc4 17. fxe6 fxe6 18. Qa4+ c6 19. Rhf1 Bxe5 20. dxe5
Rf8 21. g3 Qc7 22. Bc5 Rf7 23. Rde1 a5 24. Qc2 Rxf1 25. Rxf1 O-O-O 26. Qe2 Kb7
27. Qe3 Ka6 28. Bd6 Qb7 29. Rf4 Rd7 30. Qf2 Qb6 31. Bc5 Qc7 32. Bd6 Qb6 33.
Qxb6+ Kxb6 34. Kc2 h5 35. h4 Kb5 36. b3 cxb3+ 37. axb3 Bg2 38. c4+ Kb6 39. Kc3
Ra7 40. Rf8 a4 41. b4 Rd7 42. Ra8 Kb7 43. Rxa4 Rf7 44. Bc5 Rf3+ 45. Kd4 Rxg3
46. Ra7+ Kb8 47. Bb6 Rg4+ 48. Kc5 Bf1 49. Rf7 Rxc4+ 50. Kd6 Bg2 51. Rxg7 Bd5
52. Ba7+ Ka8 53. Bc5 Kb8 54. Ba7+ Ka8 55. Bc5 Kb8 56. Ba7+ 1/2-1/2

[Event "Memorial Gashimov 2022 - Rapid"]
[Site "Baku"]
[Date "19.12.2022"]
[Round "R4"]
[White "Mamedyarov, Shakhriyar"]
[Black "Rapport, Richard"]
[Result "1/2-1/2"]
[WhiteElo "2740"]
[BlackElo "2740"]
[PlyCount "73"]
[EventDate "2022.??.??"]

1. d4 Nf6 2. c4 e6 3. Nf3 c5 4. d5 d6 5. Nc3 exd5 6. cxd5 g6 7. e4 Bg7 8. h3
O-O 9. Bd3 b5 10. Nxb5 Re8 11. O-O Nxe4 12. Re1 a6 13. Na3 Nf6 14. Rxe8+ Nxe8
15. Bg5 Qc7 16. Qd2 Nd7 17. Re1 Ndf6 18. Nb1 Bb7 19. Bc4 Qd7 20. Nc3 Nc7 21.
Nh2 h5 22. g4 Re8 23. Rxe8+ Ncxe8 24. Qe2 hxg4 25. Nxg4 Nxg4 26. Qxg4 Qxg4+ 27.
hxg4 Kf8 28. Bd8 Bd4 29. g5 f6 30. gxf6 Nxf6 31. Bxf6 Bxf6 32. Ne4 Ke7 33. b3
Bc8 34. Kg2 a5 35. f4 Bf5 36. Kf3 Bxe4+ 37. Kxe4 1/2-1/2

[Event "Memorial Gashimov 2022 - Rapid"]
[Site "Baku"]
[Date "19.12.2022"]
[Round "R5"]
[White "Rapport, Richard"]
[Black "Gadimbayli, Abdulla"]
[Result "1/2-1/2"]
[WhiteElo "2740"]
[BlackElo "2524"]
[PlyCount "156"]
[EventDate "2022.??.??"]

1. e4 e6 2. d3 d5 3. Nd2 Nf6 4. Ngf3 c5 5. g3 g6 6. Bg2 Bg7 7. O-O O-O 8. c3
Nc6 9. e5 Nd7 10. d4 a5 11. a4 cxd4 12. cxd4 b6 13. Nb1 Ba6 14. Re1 Nb4 15. Bg5
Qc7 16. Nc3 h6 17. Bc1 Rfc8 18. Re3 Qd8 19. h4 Rab8 20. h5 g5 21. Nh2 Qe7 22.
Ng4 Rc7 23. f4 gxf4 24. gxf4 Kh8 25. Rg3 Rg8 26. f5 exf5 27. Ne3 Rcc8 28. Nxf5
Qe6 29. Nxg7 Rxg7 30. Rxg7 Kxg7 31. Qf3 Nc2 32. Bh3 Qe7 33. Qg3+ Kh8 34. Nxd5
Qd8 35. Bxh6 Qg8 36. Bg5 Nxd4 37. Kf2 Rc2+ 38. Ke3 Ne2 39. Qh4 Qf8 40. Bf6+
Nxf6 41. Qxf6+ Qg7 42. h6 Qxf6 43. Nxf6 Nc1 44. Bf5 Re2+ 45. Kf4 Re1 46. Ra3
Ne2+ 47. Ke3 Ng3+ 48. Kf2 Rxe5 49. Kxg3 Rxf5 50. Rf3 Rxf3+ 51. Kxf3 Bc4 52. Kf4
Bb3 53. Ke5 Bxa4 54. Kd6 Bd1 55. Kc6 a4 56. Kxb6 Bb3 57. Kc5 Bd1 58. Kd6 Bb3
59. Ke7 Ba2 60. Kd6 Bb3 61. Ke5 Bd1 62. Kf5 Bc2+ 63. Kg5 Bb3 64. Kf4 Bd1 65.
Ke5 Bb3 66. Kd6 Bd1 67. Kc5 Bb3 68. Kb4 Bd1 69. Kc4 Bb3+ 70. Kd4 Bd1 71. Ke4
Bb3 72. Kf4 Bd1 73. Kg5 Bb3 74. Ng4 Kh7 75. Nf6+ Kh8 76. Ne4 Kh7 77. Nc5 Bc2
78. Nd7 Bb1 1/2-1/2

[Event "Memorial Gashimov 2022 - Rapid"]
[Site "Baku"]
[Date "19.12.2022"]
[Round "R5"]
[White "Vallejo Pons, Francisco"]
[Black "Suleymanli, Aydin"]
[Result "1/2-1/2"]
[WhiteElo "2716"]
[BlackElo "2543"]
[PlyCount "151"]
[EventDate "2022.??.??"]

1. e4 e5 2. Nf3 Nc6 3. Nc3 Nf6 4. g3 Bc5 5. Bg2 d6 6. d3 a5 7. O-O a4 8. h3 O-O
9. Kh2 h6 10. Ng1 a3 11. b3 Bb4 12. Nce2 d5 13. c3 Be7 14. Qc2 d4 15. Nf3 dxc3
16. Qxc3 Bb4 17. Qc2 Re8 18. Be3 Bd6 19. Nd2 Nb4 20. Qc3 Bf8 21. d4 exd4 22.
Nxd4 c5 23. Nc2 Qd3 24. Qxd3 Nxd3 25. Nc4 Nxe4 26. Nb6 Rb8 27. Nxc8 Rbxc8 28.
Nxa3 g6 29. Nb5 Nb4 30. Rad1 Nxa2 31. Rd7 b6 32. Nc7 Nf6 33. Nxe8 Nxd7 34. Rd1
Rxe8 35. Rxd7 Nb4 36. Bf1 Kg7 37. Rb7 Re6 38. Bc4 Rf6 39. Bf4 Nc6 40. Rxb6 g5
41. Be3 Ne5 42. Rxf6 Kxf6 43. Bd5 Bd6 44. Kg2 Nd7 45. Bc6 Ke7 46. h4 Ne5 47.
Bd5 f6 48. Kh3 Kf8 49. f4 gxf4 50. gxf4 Ng6 51. Kg4 Ne7 52. Be6 Kg7 53. f5 Nc6
54. Kh5 Kh7 55. Bxh6 Ne5 56. Bf4 Kg7 57. Be3 Kh7 58. Bc4 Be7 59. Bb5 Kg7 60.
Bd2 Bd6 61. Be8 Be7 62. Bg6 Kg8 63. Bc3 Bd6 64. Be8 Kg7 65. Bb5 Kh7 66. Be2 Kg7
67. Bxe5 Bxe5 68. Kg4 Bd4 69. Kf3 Kh6 70. Ke4 Bf2 71. Kd5 Kg7 72. h5 Bg1 73.
Kd6 Bf2 74. Ke6 Bd4 75. Kd5 Bg1 76. Ke4 1/2-1/2

[Event "Memorial Gashimov 2022 - Rapid"]
[Site "Baku"]
[Date "19.12.2022"]
[Round "R5"]
[White "Abdusattorov, Nodirbek"]
[Black "Wang, Hao"]
[Result "1/2-1/2"]
[WhiteElo "2713"]
[BlackElo "2722"]
[PlyCount "174"]
[EventDate "2022.??.??"]

1. e4 c5 2. Nf3 e6 3. c3 Nf6 4. e5 Nd5 5. d4 cxd4 6. cxd4 b6 7. Bb5 Be7 8. Nc3
Nxc3 9. bxc3 Bb7 10. h4 a6 11. Bd3 d6 12. Bf4 Qc7 13. Rh3 Nd7 14. Kf1 dxe5 15.
Nxe5 Bd6 16. Qe2 Bxe5 17. dxe5 Nc5 18. Bc2 O-O-O 19. Rb1 f5 20. Be3 Qxe5 21.
Rxb6 f4 22. Rxb7 Nxb7 23. Qc4+ Qc7 24. Qxc7+ Kxc7 25. Bxf4+ Kc8 26. Re3 Nc5 27.
Re5 Nd3 28. Bxd3 Rxd3 29. Rxe6 Rxc3 30. Rxa6 Kd7 31. Ra7+ Ke6 32. Rxg7 Ra3 33.
h5 Rxa2 34. g4 Rf8 35. Be3 Rf7 36. Rg8 Rd7 37. Kg2 Kf7 38. Rh8 Kg7 39. Rb8 Ra6
40. Kg3 h6 41. Bc1 Rd3+ 42. Be3 Rd7 43. Rb3 Rc6 44. f3 Kf7 45. Bf4 Re6 46. Rb5
Rde7 47. Bc1 Rc6 48. Rf5+ Kg8 49. Bb2 Rb7 50. Bd4 Rd7 51. Rf4 Rc4 52. Be3 Rxf4
53. Bxf4 Kh7 54. Be5 Rd3 55. Kf4 Rb3 56. Ke4 Rb1 57. f4 Rh1 58. Kf5 Rh4 59. Bf6
Rh1 60. Ke6 Kg8 61. Bd8 Rd1 62. Bc7 Rh1 63. Be5 Rh4 64. Kf5 Kf7 65. Bd4 Rh1 66.
Ke4 Re1+ 67. Be3 Rh1 68. Bd4 Re1+ 69. Kf3 Rd1 70. Be5 Rh1 71. Kg2 Rh4 72. Kg3
Rh1 73. Bd4 Rd1 74. Be3 Rh1 75. Bf2 Ke6 76. Kg2 Rd1 77. Bc5 Kf7 78. g5 Rd5 79.
Be3 Ke6 80. Kf3 Kf5 81. g6 Rd7 82. Bc5 Rd3+ 83. Ke2 Rg3 84. Bf8 Rh3 85. Bxh6
Kf6 86. Bg5+ Kg7 87. h6+ Kxg6 1/2-1/2

[Event "Memorial Gashimov 2022 - Rapid"]
[Site "Baku"]
[Date "19.12.2022"]
[Round "R5"]
[White "Shankland, Sam"]
[Black "Mamedov, Rauf"]
[Result "0-1"]
[WhiteElo "2710"]
[BlackElo "2646"]
[PlyCount "108"]
[EventDate "2022.??.??"]

1. d4 d5 2. c4 e6 3. Nf3 c5 4. cxd5 exd5 5. g3 Nc6 6. Bg2 Nf6 7. O-O Be7 8.
dxc5 Bxc5 9. a3 Ne4 10. Nfd2 O-O 11. Nc3 Nxc3 12. bxc3 Bb6 13. Nb3 Re8 14. e3
Qf6 15. Nd4 Be6 16. Rb1 Rac8 17. Rb5 Ne5 18. Bxd5 Bh3 19. Bxb7 Bxf1 20. Qxf1
Rxc3 21. Bb2 Rc7 22. Bd5 Bxd4 23. exd4 Nd7 24. Qd3 Nb6 25. Bb3 Qg6 26. Qd1 Nc4
27. Bc1 Rce7 28. Bd2 Nxd2 29. Qxd2 h6 30. Bd5 Qa6 31. Qb4 Rd7 32. a4 Red8 33.
Qb3 Qf6 34. Qc4 Qe7 35. Kf1 g6 36. h4 h5 37. a5 Kg7 38. Rc5 Rb8 39. Kg2 Rb1 40.
Qc3 Rxd5 41. Rxd5 Qe4+ 42. Qf3 Rg1+ 43. Kxg1 Qxf3 44. Rd7 a6 45. Rd6 Qd3 46.
Rb6 f6 47. d5 g5 48. hxg5 fxg5 49. d6 Kf7 50. Rb7+ Ke6 51. d7 Ke7 52. Ra7 Qd1+
53. Kg2 Qd5+ 54. Kg1 Qxa5 0-1

[Event "Memorial Gashimov 2022 - Rapid"]
[Site "Baku"]
[Date "19.12.2022"]
[Round "R6"]
[White "Wang, Hao"]
[Black "Rapport, Richard"]
[Result "1/2-1/2"]
[WhiteElo "2722"]
[BlackElo "2740"]
[PlyCount "65"]
[EventDate "2022.??.??"]

1. e4 e6 2. d4 d5 3. Nd2 c5 4. exd5 exd5 5. Ngf3 Nc6 6. Bb5 Qe7+ 7. Be2 Qc7 8.
O-O Nf6 9. dxc5 Bxc5 10. Nb3 Bb6 11. Bg5 Be6 12. Bxf6 gxf6 13. c3 O-O-O 14.
Nfd4 h5 15. a4 a5 16. Nb5 Qf4 17. Qd2 Qxd2 18. Nxd2 d4 19. Nc4 Bxc4 20. Bxc4
dxc3 21. Nxc3 Ne5 22. Bd5 f5 23. Rad1 Kb8 24. h3 Rd6 25. Rfe1 f6 26. Kf1 h4 27.
f4 Ng6 28. Bf3 Rxd1 29. Rxd1 Rd8 30. Rxd8+ Bxd8 31. Nd5 Bc7 32. b3 Nxf4 33.
Nxf4 1/2-1/2

[Event "Memorial Gashimov 2022 - Rapid"]
[Site "Baku"]
[Date "19.12.2022"]
[Round "R6"]
[White "Shankland, Sam"]
[Black "Abdusattorov, Nodirbek"]
[Result "0-1"]
[WhiteElo "2710"]
[BlackElo "2713"]
[PlyCount "102"]
[EventDate "2022.??.??"]

1. c4 c5 2. Nf3 Nf6 3. Nc3 Nc6 4. d4 cxd4 5. Nxd4 e6 6. e3 Be7 7. Be2 O-O 8.
O-O d6 9. b3 a6 10. Bb2 Bd7 11. Bf3 Rb8 12. Nxc6 Bxc6 13. Bxc6 bxc6 14. Qe2 Qa5
15. Na4 Rfd8 16. Rfd1 Qf5 17. Rac1 a5 18. Bc3 Ra8 19. Be1 e5 20. Qf3 Qxf3 21.
gxf3 h5 22. Kf1 h4 23. Ke2 Nd7 24. e4 Nf8 25. c5 Ne6 26. cxd6 Bxd6 27. Nb6 Ra6
28. Nc4 Nd4+ 29. Kf1 Bc7 30. Rd3 c5 31. Nb2 Bd6 32. Na4 Be7 33. Bd2 Nxf3 34.
Rxf3 Rxd2 35. Nc3 Bg5 36. Re1 Rad6 37. Nd5 Rxa2 38. Re2 Ra1+ 39. Re1 Ra3 40.
Ke2 a4 41. bxa4 Rxa4 42. Kf1 Rd4 43. Ra3 c4 44. Re2 Kh7 45. Ra7 Rc6 46. Rxf7
Rd1+ 47. Kg2 c3 48. Rf5 Bd2 49. Nb4 Rc4 50. Nd3 c2 51. Rxe5 Rc3 0-1